Szczegóły MARC21

Organizacja przedsiębiorstwa hotelarskiego /

005 -DATA I CZAS OSTATNIEJ MODYFIKACJI [,]
    • @
    • pole kontrolne
    • 20100630141054.0
020 -Międzynarod. znormalizowany nr książki - ISBN [ , ]
    • a
    • Numer ISBN
    • 9788360197882 Find
040 -Instytucja sporządzająca opis [ , ]
    • a
    • Instytucja, która sporządziła opis (NP)
    • SZCZ U/BK
    • c
    • Instytucja, która sporządziła rekord (NP)
    • SZCZ U/KLR
    • d
    • Instytucja, która zmodyfikowała rekord (P)
    • SZCZ U/MS
041 -Język dokumentu [0, ]
    • a
    • Język tekstu (P)
    • polski
044 -Kraj miejsca wydania [ , ]
    • a
    • Kraj miejsca wydania
    • Polska
942 -Rodzaj dokumentu [ , ]
    • c
    • Rodzaj dokumentu
    • Książka
100 -Hasło główne - nazwa osobowa [1, ]
    • a
    • Nazwa osobowa (NP)
    • Dominik, Piotr
    • c
    • Dopowiedzenie inne niż daty biograficzne (P)
    • (technologia żywności).
    • 9
    • KHW
    • 14650
245 -Strefa tytułu i oznaczenia odpowiedzialności [1,0]
    • a
    • Tytuł
    • Organizacja przedsiębiorstwa hotelarskiego / Find
    • c
    • Pozostałe elementy strefy tytułu i oznaczenia odpowiedzialności (NP)
    • Piotr Dominik, Witold Drogoń.
260 -Strefa adresu wydawniczego [ , ]
    • c
    • Data wydania (P)
    • 2009.
    • a
    • Miejsce wydania (P)
    • Warszawa :
    • b
    • Nazwa wydawcy (P)
    • ALMAMER Wyższa Szkoła Ekonomiczna,
300 -Strefa opisu fizycznego [ , ]
    • a
    • Określenie formy książki i/lub objętość (NP)
    • 174 s. ;
    • c
    • Format (NP)
    • 24 cm.
504 -Uwaga dot. bibliogr. załącznikowej [ , ]
    • a
    • Uwaga dot. bibliografii załącznikowej
    • Bibliogr.
080 -Uniwersalna Klasyfikacja Dziesiętna [ , ]
    • 2
    • Identyfikator wydania tablic
    • UDC-P058
    • 9
    • UKD
    • 5603
    • a
    • Symbol klasyfikacji
    • 658.1/.5::338.46
    • b
    • Dopowiedzenie
    • Organizacja przedsiębiorstwa usługowego.
080 -Uniwersalna Klasyfikacja Dziesiętna [ , ]
    • 2
    • Identyfikator wydania tablic
    • UDC-P058
    • 9
    • UKD
    • 5493
    • a
    • Symbol klasyfikacji
    • 640.41/.42
    • b
    • Dopowiedzenie
    • Hotele. Motele. Pensjonaty. Mieszkania i pokoje do wynajęcia. Hotelarstwo.
980 -Symbol UKD [ , ]
    • a
    • UKD
    • 658.1/.5::338.46:640.41/.42
700 -Hasło dodatkowe - nazwa osobowa [1, ]
    • a
    • Nazwa osobowa (NP)
    • Drogoń, Witold. Find
    • 9
    • KHW
    • 14653
920 -ISBN [ , ]
    • a
    • ISBN
    • 978-83-60197-88-2 Find
Lokalizacja Data inwentaryzacji Sygnatura Numer inwentarzowy Status udost.
T2010-06-25T.10984T.10984-2